Music Quiz

Random Music or Bands Quiz

Missing Middles: 'The' Bands Quiz Stats

 Plays Quiz Updated Oct 21, 2015

Challenge
Share
Tweet
Embed
Score 0/30 Timer 06:00
1 Play Today
% Correct
Rolling
98.3%
Go
97.9%
Jackson
92.1%
White
91.6%
Grateful
91.5%
Pussycat
90.2%
5th
88.6%
Velvet
88.6%
Moody
84.5%
Guess
84%
Black
83.7%
Flaming
83.6%
Four
83.3%
Lovin'
78.5%
Human
77.4%
% Correct
Shangri
76.9%
Boomtown
67.9%
Kingston
67.3%
Young
66.3%
Chi
65.2%
Hold
64.8%
Psychedelic
63.8%
Band
62.4%
Stone
62.4%
Fabulous
61%
Tragically
59.8%
New
58.2%
Beau
57.6%
Verve
53.8%
Georgia
53.2%

You're not logged in!

Compare scores with friends on all Sporcle quizzes.
OR
Log In

You Might Also Like...

Show Comments

Extras

Top Quizzes Today


Score Distribution

Your Account Isn't Verified!

In order to create a playlist on Sporcle, you need to verify the email address you used during registration. Go to your Sporcle Settings to finish the process.

Report this User

Report this user for behavior that violates our Community Guidelines.

Details: